| 000 -LEADER |
| fixed length control field |
00511nam a2200181 4500 |
| 020 ## - INTERNATIONAL STANDARD BOOK NUMBER |
| ISBN |
9789349946781 |
| 082 ## - DEWEY DECIMAL CLASSIFICATION NUMBER |
| Classification number |
M 894.812 |
| Item number |
FAB/M |
| 100 ## - MAIN ENTRY--AUTHOR NAME |
| Personal name |
Fabeena E V |
| 245 ## - TITLE STATEMENT |
| Title |
Malayalam Capsule/ |
| Statement of responsibility, etc |
by Fabeena E V |
| 260 ## - PUBLICATION, DISTRIBUTION, ETC. (IMPRINT) |
| Place of publication |
Kozhikode: |
| Name of publisher |
Atma books, |
| Year of publication |
2025. |
| 300 ## - PHYSICAL DESCRIPTION |
| Number of Pages |
304p. |
| 650 ## - SUBJECT ADDED ENTRY--TOPICAL TERM |
| Topical Term |
Malayalam language literature |
| 650 ## - SUBJECT ADDED ENTRY--TOPICAL TERM |
| Topical Term |
South Dravidian languages |
| 650 ## - SUBJECT ADDED ENTRY--TOPICAL TERM |
| Topical Term |
Dravidian literatures |
| 650 ## - SUBJECT ADDED ENTRY--TOPICAL TERM |
| Topical Term |
Literatures of Altaic, Uralic, and Dravidian languages |
| 650 ## - SUBJECT ADDED ENTRY--TOPICAL TERM |
| Topical Term |
Literature |
| 942 ## - ADDED ENTRY ELEMENTS (KOHA) |
| Koha item type |
Book |